000 00628nam a2200265Ia 4500
005 20260306163517.0
008 008 260114s9999 xx 000 0 eng d
020 _a9781985900370
037 _aEBOOK
040 _aCRL
040 _beng
040 _cCRL
041 _2eng
041 _aeng
084 _qCRL
100 _aHunter
245 4 _aThe Kentucky Oaks: 150 Years Of Running For The Lilies
260 _bUniversity Press of Kentucky
260 _c2024
650 _aSocial Work
856 _uhttps://academic.oup.com/book/58594
942 _cEBOOK
999 _c1710392
_d1710392